LEADER 01963nam a2200409 a 4500 001 000000136305 003 CaOOAMICUS 005 20131118142527.0 008 131118s1970 it a u000 u ita r 040 $aPUL$bita 041 1 $aita$hfre 100 1 $aIonesco, Eugène.$0(OLS)http://pul/name/85921 240 10$aCantatrice chauve.$lItaliano.$0(OLS)http://pul/title/172411 245 10$aTeatro :$bLa Cantatrice calva ; La lezione ; Amedeo o Come sbarazzersene ; L'improvviso dell'Alma ovvero Il camaleonte del pastore ; Assassino senza movente /$cEugène Ionesco ; introduzione di Roberto Rebora. 246 33$aLa Cantatrice calva 246 33$aLa lezione 246 33$aAmedeo o Come sbarazzersene 246 33$aL'improvviso dell'Alma ovvero Il camaleonte del pastore 246 33$aAssassino senza movente 250 $a2. ed. 260 $aMilano :$bA. Mondadori,$c1970. 300 $a381 p. :$bill. ;$c19 cm 490 1 $aOscar Mondadori 700 1 $aRebora, Roberto.$0(OLS)http://pul/name/87478 830 0$aOscar Mondadori.$0(OLS)http://pul/title/18338 850 $aPUL 852 $aPUL$W1$xDP1 Fondo E. Rossi$y115$m2 C 47$j115511$qFondi$B156493$CPULBib$Z2$F156493 $82 941 1 $a1 961 $aSul dorso collocazione ms. di E. Rossi: III 38 996 $6246$aLa Cantatrice calva$9(OLS)http://pul/title/172413 996 $6246$aLa lezione$9(OLS)http://pul/title/172414 996 $6245$aTeatro :$bLa Cantatrice calva ; La lezione ; Amedeo o Come sbarazzersene ; L'improvviso dell'Alma ovvero Il camaleonte del pastore ; Assassino senza movente$9(OLS)http://pul/title/172412 996 $6246$aAmedeo o Come sbarazzersene$9(OLS)http://pul/title/172415 996 $6246$aL'improvviso dell'Alma ovvero Il camaleonte del pastore$9(OLS)http://pul/title/172416 996 $6246$aAssassino senza movente$9(OLS)http://pul/title/172417 996 $6260$aMilano :$bA. Mondadori$9(OLS)http://pul/publisher/48249 LEADER 01481nam a2200337 u 4500 001 000000048622 003 CaOOAMICUS 005 20070226115023.0 008 000518s2000 it u000 u ita u 020 $a8808031519 035 $a10847933 040 $aPUL$bita$dMSA 110 1 $aItalia.$0(OLS)http://pul/name/1188 240 10$aCodice di procedura civile$9(Italia).$0(OLS)http://pul/title/60320 245 10$aCodici e leggi per l'udienza penale :$berrata corrige di: codice di procedura penale .. 260 $aBologna :$bZanichelli,$c2000. 300 $aP. 139-417 ;$c19 cm 500 $aContiene indici. 500 $aTit. della cop. 500 $aEstr. da: "Codici e leggi per l'udienza penale" / a cura di Mario Chiavario. 650 4$aProcedura penale.$0(OLS)http://pul/subject/9185 700 1 $aManzione, Domenico.$0(OLS)http://pul/name/35290 700 1 $aPadovani, Tullio,$d1944-$0(OLS)http://pul/name/35289 700 1 $aChiavario, Mario.$0(OLS)http://pul/name/28790 850 $aPUL 852 $aPUL$W1$xSL Cons. Gen., Altre Classi 1$y1$m1386 H 23$j64744$nBK-PRI$b $qStampati$B64744$CPULBib$Z2$F64744 $H $81 941 1 $a8 961 $aINV: 81753 996 $6020$a8808031519$9(OLS)http://pul/number/61209 996 $6245$aCodici e leggi per l'udienza penale :$berrata corrige di: codice di procedura penale ..$9(OLS)http://pul/title/65501 996 $6260$aBologna :$bZanichelli$9(OLS)http://pul/publisher/48255